00490nam a2200181 a 4500001001300000003000900013005001700022008004100039020000900080082001600089100001600105245002900121260006000150300000900210500003500219505003100254650002300285nice12345678IN_TiNIC20260116013532.0050524s1999 newa grp 000 0 urd  ac5000a181.07bDEB aDebair, T J aTareekh Falsafa-I-Islam. aNew DelhibQaumi Council Barai Taraqi-E-Urdu Langc1999 a171p aincludes index and biblioraphy2 aGeneral Index of reference aPhilosophy-Islamic